000 00329nam a22001337a 4500
005 20240705122410.0
008 240705b |||||||| |||| 00| 0 eng d
041 _aeng
100 _aKATDARE, INDUMATI
_98434
245 _aAATMATATWA KA VISTAR
260 _aJODHPUR
_bSHIKSHA BHARTI SHIKSHA SANSTHAN
300 _a40;p
942 _cBK
999 _c8535
_d8533